000 005640000a22001810004500
003 MACL
005 20160527115847.0
008 160527b xxu||||| |||| 00| 0 eng d
040 _aMACL
_cMACL
041 _aHindi
082 _a891.433
100 _aहैदर, कुर्रतुल ऐन
_960035
245 _aतीन उपन्‍यास
_cकुर्रतुल ऐन हैदर
260 _bराजकमल प्रकाशन
_c1995
_aपटना
350 _a130
650 _aNovel
_960036
942 _cHIN
_k891.433/HAI/N
_2ddc
999 _c20431
_d20431